WYD Now? by Sadie Jean Lyrics - Statistics

General Stats
  • This quiz has been taken 43 times
  • The average score is 248 of 311
Answer Stats
Lyrics % Correct
I
100%
be
95%
the
95%
want
95%
when
95%
you
95%
are
90%
in
90%
it
90%
my
90%
now
90%
now?
90%
so
90%
was
90%
we
90%
what
90%
by
86%
doin'
86%
doin;'
86%
don't
86%
of
86%
saw
86%
that
86%
to
86%
wanna
86%
were
86%
your
86%
about
81%
and
81%
back
81%
'cause
81%
head
81%
know
81%
last
81%
like
81%
on
81%
real
81%
really
81%
some
81%
somethin'
81%
still
81%
though
81%
always
76%
bedroom
76%
exit
76%
for
76%
I've
76%
night
76%
our
76%
sign
76%
talkin'
76%
twenty
76%
wasn't
76%
with
76%
at
71%
care?
71%
could
71%
even
71%
everything
71%
front
71%
hear
71%
if
71%
out
71%
said
71%
seventeen
71%
shared
71%
show
71%
there
71%
think
71%
walls
71%
you're
71%
apartment
67%
bar
67%
far
67%
good
67%
got
67%
guys
67%
job
67%
knew
67%
lookin'
67%
love
67%
never
67%
not
67%
paint
67%
put
67%
row
67%
seem
67%
standin'
67%
too
67%
we'd
67%
work
67%
as
62%
been
62%
call
62%
doesn't
62%
feel
62%
future
62%
I'm
62%
moon
62%
set
62%
should
62%
somebody?
62%
this
62%
t-shirt
62%
under
62%
wonder
62%
above
57%
faded
57%
finally
57%
gonna
57%
happy
57%
laughin'
57%
long
57%
online
57%
ours
57%
past
57%
that's
57%
them
57%
they're
57%
what's
57%
wrong
57%
kept
52%
makin'
52%
maybe
52%
songs
52%
write
52%
after
48%
happened
48%
money
48%
off
48%
tense
43%
No matching quizzes found
Score Distribution
Percent of People with Each Score
Percentile by Number Answered
Your Score History
You have not taken this quiz